| 000 | 00590nam a22002177a 4500 | ||
|---|---|---|---|
| 003 | OSt | ||
| 005 | 20140310184516.0 | ||
| 008 | 131016t xxu||||| |||| 00| 0 eng d | ||
| 020 | _a9780545290593 | ||
| 050 |
_aPZ 7 _b.R585 2011 |
||
| 245 |
_aVespers rising / _cRick Riordan, Peter Lerangis, Gordon Korman, Jude Watson. |
||
| 260 |
_aNew York : _bScholastic Inc., _c2011. |
||
| 300 |
_a238 p. : _c19 cm. |
||
| 440 |
_aThe 39 clues _929441 |
||
| 521 | _aG4 | ||
| 526 | _c690 | ||
| 600 |
_aLerangis, Peter _95932 |
||
| 942 |
_2lcc _cBK-SCHOLAS |
||
| 999 |
_c34946 _d34946 |
||